000 01250nab a22002777a 4500
999 _c6406
_d6406
003 OSt
005 20260202112230.0
008 190429b xxu||||| |||| 00| 0 spa d
040 _cPJ
100 _96526
_aAboso, Gustavo E.
245 1 0 _aPerspectiva de género y discapacidad en la valoración de la prueba, con especial referencia al ejercicio de la legítima defensa por parte de la mujer violentada /
_cGustavo E. Aboso.
260 _cCiudad Autónoma de Buenos Aires :
_aThomson Reuters La Ley,
_b2023.
300 _ap. 52-60
500 _aCita Online: AR/DOC/568/2023.
505 _aFallo comentado: CS ~ 23/02/2023 ~ D., N. L. s/ recurso extraordinario de inaplicabilidad de ley.
505 _tSi te interesa el texto completo, solicitalo a koha@justierradelfuego.gov.ar
650 0 _9343
_aDERECHO PENAL
650 0 _92649
_aDOBLE INSTANCIA
650 0 _9699
_aFALLOS DE LA CORTE SUPREMA
650 0 _92348
_aPROCESO PENAL
650 0 _93053
_aVIOLENCIA DE GÉNERO
650 0 _92903
_aABUSO SEXUAL
650 0 _93271
_aPERSONAS CON DISCAPACIDAD
773 0 _02658
_93164
_tRevista de derecho penal y criminología. Nº 7 - Agosto 2023
_dCiudad Autónoma de Buenos Aires : Thomson Reuters La Ley, 2017-
_x00347914
942 _2udc
_cANA